Table of Laplace transforms /
Guardado en:
| Autor Principal: | |
|---|---|
| Otros Autores: | |
| Formato: | Libro |
| Idioma: | English |
| Publicado: |
Philadelphia :
Saunders,
[c1966]
|
| Materias: | |
| Etiquetas: |
Agregar Etiqueta
Sin Etiquetas, Sea el primero en etiquetar este registro!
|
| LEADER | 00608nam a22001931a 4500 | ||
|---|---|---|---|
| 001 | MAT.inmabb005730 | ||
| 008 | 831128s1966####pau###########000#0#eng## | ||
| 005 | 20180611161743.0 | ||
| 245 | 1 | 0 | |a Table of Laplace transforms / |c by G.E. Roberts and H. Kaufman. |
| 260 | |a Philadelphia : |b Saunders, |c [c1966] | ||
| 300 | |a xxx, 367 p. ; |c 27 cm. | ||
| 510 | 4 | |a MR, |c 32 #8050 | |
| 100 | 1 | |a Roberts, G. E. |q (George E.) | |
| 700 | 1 | |a Kaufman, H. |q (Hyman) | |
| 650 | 0 | |a Laplace transformation |x Tables. | |
| 084 | |a 44A10 |2 msc2000 | ||
| 010 | |a 65023098 | ||
| 040 | |a DLC/ICU |c ICU |d DLC | ||
| 859 | |h 44 |i R643 |p A-2592 |b BIB. MATEMATICA | ||
